Southville International School and Colleges
Your cart is empty.
  • Cart
  • Lists
    Public lists Eva Luna New books Lux_list list_1
    Your lists Log in to create your own lists
  • Log in to your account
  • Your cookies
  • Search history
Southville International School and Colleges
  • Advanced search
  • Recent comments
  • Most popular
  • Libraries

Log in to your account

Log in with GOOGLE


If you do not have an external account, but do have a local account, you can still log in:

  1. Home
  2. MARC view: Safety and security in tourism :
Normal view MARC view ISBD view

Safety and security in tourism : (Record no. 21197)

[ view plain ]
MARC details
000 -LEADER
fixed length control field 00796nam a2200229 a 4500
005 - DATE AND TIME OF LATEST TRANSACTION
control field 20140310183312.0
008 - FIXED-LENGTH DATA ELEMENTS--GENERAL INFORMATION
fixed length control field 051017s19uu xx 00 eng d
020 ## - INTERNATIONAL STANDARD BOOK NUMBER
International Standard Book Number 9780789019172
050 ## - LIBRARY OF CONGRESS CALL NUMBER
Classification number G 155.A1
Item number .Sa25 2003
245 ## - TITLE STATEMENT
Title Safety and security in tourism :
Remainder of title relationships, management, and marketing /
Statement of responsibility, etc edited by C. Michael Hall, Dallen J. Timothy and David Timothy Duval.
260 ## - PUBLICATION, DISTRIBUTION, ETC. (IMPRINT)
Place of publication, distribution, etc Binghamton, N.Y :
Name of publisher, distributor, etc The Haworth Hospitality Press,
Date of publication, distribution, etc 2003.
300 ## - PHYSICAL DESCRIPTION
Extent 340 p. :
Dimensions 23 cm.
521 ## - TARGET AUDIENCE NOTE
Target audience note
650 ## - SUBJECT ADDED ENTRY--TOPICAL TERM
Topical term or geographic name as entry element Tourism
General subdivision Social aspects.
650 ## - SUBJECT ADDED ENTRY--TOPICAL TERM
Topical term or geographic name as entry element Travel
General subdivision Safety measures.
650 ## - SUBJECT ADDED ENTRY--TOPICAL TERM
Topical term or geographic name as entry element Terrorim
General subdivision Psychological aspects.
700 ## - ADDED ENTRY--PERSONAL NAME
Personal name Hall, C. Michael, ed.
700 ## - ADDED ENTRY--PERSONAL NAME
Personal name Timothy, DallenJ., ed.
700 ## - ADDED ENTRY--PERSONAL NAME
Personal name Duval, David Timothy, ed.
942 ## - ADDED ENTRY ELEMENTS (KOHA)
Koha item type Books
Source of classification or shelving scheme Library of Congress Classification
Call number prefix Foreign
Holdings
Withdrawn status Lost status Source of classification or shelving scheme Damaged status Home library Current library Shelving location Date acquired Source of acquisition Cost, normal purchase price Total Checkouts Full call number Barcode Date last seen Copy number Price effective from Koha item type
    Library of Congress Classification   College Library College Library General Circulation Section 10/09/2010   2795.00   G 155.A1 .Sa25 2003 C6278 05/15/2018 1 10/10/2013 Books

Safety and security in tourism :

APA

Hall C. M. e., Timothy D. e. & Duval D. T. e. (2003). Safety and security in tourism. Binghamton, N.Y: The Haworth Hospitality Press.

Chicago

Hall C Michael ed, Timothy DallenJ ed and Duval David Timothy ed. 2003. Safety and security in tourism. Binghamton, N.Y: The Haworth Hospitality Press.

Harvard

Hall C. M. e., Timothy D. e. and Duval D. T. e. (2003). Safety and security in tourism. Binghamton, N.Y: The Haworth Hospitality Press.

MLA

Hall C Michael ed, Timothy DallenJ ed and Duval David Timothy ed. Safety and security in tourism. Binghamton, N.Y: The Haworth Hospitality Press. 2003.

  • Place hold
  • Print
  • Cite
  • Add to your cart (remove)
  • Save record
    BIBTEX Dublin Core MARCXML MARC (non-Unicode/MARC-8) MARC (Unicode/UTF-8) MARC (Unicode/UTF-8, Standard) MODS (XML) RIS
  • More searches
    Search for this title in:
    Other Libraries (WorldCat) Other Databases (Google Scholar) Online Stores (Bookfinder.com) Open Library (openlibrary.org)

Exporting to Dublin Core...

SOUTHVILLE LIBRARY

Southville International School and Colleges Library

1281 Tropical Ave. Cor. Luxembourg St., BF Homes International, Las Pinas City

Tel. No. 8256374 / 252358 Loc. 117/146

Powered by Koha